Vista normal
Vista MARC
Entrada Materia (personas)
Número de registros utilizados en: 1
001 - CONTROL NUMBER
- control field: 106507
003 - CONTROL NUMBER IDENTIFIER
- control field: Co-BoUCM
005 - DATE AND TIME OF LATEST TRANSACTION
- control field: 20210928151030.0
008 - FIXED-LENGTH DATA ELEMENTS
- fixed length control field: 210928|| aca||aabn | a|a d
040 ## - CATALOGING SOURCE
- Original cataloging agency: Co-BoUCM
- Transcribing agency: Co-BoUCM
100 ## - HEADING--PERSONAL NAME
- Personal name: Roberts, Dottie
670 ## - SOURCE DATA FOUND
- Source citation: Work cat.: (Co-BoUCM)319946: Lewis, Sharon L. 106435, Guía práctica de enfermería medicoquirúrgica , 2018